000 02612nam0a2200385 i 4500
001 RU\NLR\BIBL_A\011252933
005 20241104070057.0
010 _a9785992608861
_975
021 _aRU
_b2016-77708
_95058
035 _a(NILC)RuMoRGB-008645532
035 _a(NLR Aleph) 011252933
090 _a12177302
_c12177302
100 _a20161025d2015 km y0rusy50 ca
101 0 _arus
102 _aRU
105 _ay|||z|||000zy
200 1 _aИнновационные технологии сопровождения семьи, воспитывающей ребенка с ограниченными возможностями здоровья
_eматериалы всероссийского научно-практического семинара, г. Астрахань, 27-28 августа 2015 г.
_f[редкол.: Н. Ю. Сязина (гл. ред.) и др.]
210 _aАстрахань
_cАстраханский университет
_d2015
215 _a71 с.
_d21 см
300 _aВ надзаг.: М-во социального развития и труда Астраханской обл., Астрах. регион. обществ. орг. работников социал. служб., Гос. автоном учреждение Астрах. обл. "Реабилитац. центр для детей и подростков с огранич. возможностями "Коррекция и развитие", Астрах. гос. ун-т"
320 _aБиблиогр. в конце ст.
606 _aСемьи с детьми-инвалидами
_jСъезды, совещания и т.п
_xПсихологическая служба
_92501988
_3RU\NLR\AUTH\661483863
606 _aДети-инвалиды
_jСъезды, совещания и т.п
_xРеабилитация
_9945232
_3RU\NLR\AUTH\66350370
675 _a159.9
686 1 _aЮ984.92я431
686 1 _aЮ948.2я431
686 1 _aР733-5я431(2)
702 1 _aСязина
_bН. Ю.
_gНаталья Юрьевна
_4340
711 1 2 _a"Инновационные технологии сопровождения семьи, воспитывающей ребенка с ограниченными возможностями здоровья", всероссийский научно-практический семинар
_eАстрахань
_f2015
_9535606
_3RU\NLR\AUTH\880435638
801 0 _aRU
_bРГБ
_c20161011
_gRCR
942 _cBOOK
980 _aNBR